00689nam a2200217Ia 450000500170000000800410001702000180005804000190007604100120009508200160010710000200012324500710014326000410021430000210025550400340027665000260031085000100033694200070034699900160035395201020036920221118125925.0131103s9999 xx 000 0 und d aSBN 195615522 aLoreto College aEnglish a954.03bMEH aMehra,Parshotam 2aA dictionary of Modern Indian history 1707 - 1947cParshotam Mehra aDelhibOxford University Pressc1985 axv,823 p.b maps aIncludes index and chronology aIndian Modern History aLCLIB cBK c9835d60314 00102ddc4070aMAINbMAINd2013-11-04l0o954.03 MEH 29424pB9713r2013-11-04w2013-11-04yBKf